00899nam a2200241Ia 45000010006000000050017000060080041000230350023000640400013000870200015001000200018001150350020001332450120001532600052002733000021003254400032003465000127003785040041005056500035005466500026005817000025006077000025006325071420230411090005.0070326s2006 sp b 100 0 spa d a(OCoLC)ocm86222541 aIDJcIDJ a8498300436 a9788498300437 a(OCoLC)8622254100aEvangelización y misión :bretos actauales del sueño inacabado de San Francisco Javier /cManuel Reus Canals. aBilbao [Spain] :bUniversidad de Deusto,c2006. a206 p. ;c22 cm. 0aSerie Teología ;vvol. 35 aContributions made at a meeting organized by the Faculty of Theology of the Universidad de Duesto (Bilbao) in March, 2006. aIncludes bibliographical references. 0aEvangelistic workvCongresses. 0aMissionsvCongresses.1 aCanals, Manuel Reus.1 aSchreiter, Robert J.